000
00232nam a22000857a 4500
008
160810b xxu||||| |||| 00| 0 eng d
100
_9
103
_a
Kundra D.N
245
_a
Social Science-8
260
_a
New Delhi
_b
Goyal Brother's Publication
_c
2011
999
_c
2756
_d
2756